000
00349nam a2200145Ia 4500
008
260624s2024 xx 000 0 und d
020
_a
9789356963153
041
_a
eng
082
_a
616.028
100
_a
Subhal B
245
_a
Textbook of Critical Care Nutrition
250
_a
1st ed
260
_b
Jaypee2024
_c
2024
650
_a
Critical care
999
_c
1222554
_d
1222554